[Event "BL 9394 HSK-Dortmund"]
[Site "?"]
[Date "1993.??.??"]
[Round "?.2"]
[White "Wahls, M."]
[Black "Mainka, G."]
[Result "1-0"]
[WhiteElo "2480"]
[BlackElo "2385"]
[PlyCount "76"]
[EventDate "1993.??.??"]

1. e4 e5 2. Nf3 Nc6 3. Bb5 Nf6 4. d3 d6 5. c3 Be7 6. O-O O-O 7. Re1 a6 8. Ba4
b5 9. Bc2 Bb7 10. Nbd2 Re8 11. d4 Bf8 12. a4 exd4 13. cxd4 Nb4 14. Bb1 bxa4 15.
Rxa4 a5 16. Ra3 g6 17. h3 Bg7 18. Nh2 c5 19. dxc5 dxc5 20. e5 Nfd5 21. Ndf3 Qc7
22. Ng4 Ra6 23. Bh6 Bh8 24. Ng5 Bxe5 25. Nf3 f6 26. Nfxe5 fxe5 27. f4 e4 28.
Bxe4 Rae6 29. Ne5 c4 30. Qd4 Nf6 31. Bb1 Bd5 32. Rae3 Qb7 33. f5 Nc6 34. Nxc6
Rxe3 35. Rxe3 Qxc6 36. fxg6 Rxe3 37. gxh7+ Kh8 38. Bxe3 Be4 1-0

[Event "BL 9394 HSK-Dortmund"]
[Site "?"]
[Date "1993.??.??"]
[Round "?.3"]
[White "Kalka, A."]
[Black "Ftacnik, L."]
[Result "0-1"]
[WhiteElo "2345"]
[BlackElo "2535"]
[PlyCount "62"]
[EventDate "1993.??.??"]

1. e4 c5 2. Nf3 d6 3. d4 cxd4 4. Nxd4 Nf6 5. Nc3 a6 6. Be3 e6 7. Qf3 Nbd7 8.
O-O-O Qc7 9. Be2 b5 10. a3 Bb7 11. Qh3 Be7 12. f3 Ne5 13. g4 Nfd7 14. g5 g6 15.
f4 Nc4 16. f5 Nxe3 17. fxg6 O-O-O 18. Qxe3 hxg6 19. h4 Qc5 20. b4 Qb6 21. Qg3
Ne5 22. Nb3 Rd7 23. h5 gxh5 24. Rxh5 Rg8 25. Kb1 Rc7 26. Na5 Kb8 27. Qh3 Rgc8
28. Na2 Bxe4 29. Bd3 Nxd3 30. cxd3 Qf2 31. Qh2 Bxd3+ 0-1

[Event "BL 9394 HSK-Dortmund"]
[Site "?"]
[Date "1993.??.??"]
[Round "?.4"]
[White "Maus, So"]
[Black "Lingnau, C."]
[Result "0-1"]
[WhiteElo "2415"]
[BlackElo "2395"]
[PlyCount "142"]
[EventDate "1993.??.??"]

1. c4 Nf6 2. g3 g6 3. Bg2 Bg7 4. Nc3 O-O 5. e4 d6 6. Nge2 c5 7. O-O Nc6 8. d3
a6 9. Rb1 Rb8 10. a4 Ne8 11. Be3 Nc7 12. f4 Ne6 13. Bf2 Ned4 14. Nxd4 Nxd4 15.
b4 cxb4 16. Rxb4 Qa5 17. Nd5 e6 18. Ne7+ Kh8 19. Qb1 Bd7 20. Rxb7 Ne2+ 21. Kh1
Nc3 22. Rxb8 Nxb1 23. Rfxb1 h5 24. e5 dxe5 25. c5 Rxb8 26. Rxb8+ Kh7 27. c6
Qxa4 28. cxd7 Qxd7 29. Rb7 Qxd3 30. Nc6 e4 31. Ne5 Qd1+ 32. Bg1 e3 33. Bf3 e2
34. Rxf7 e1=Q 35. Bxd1 Qxd1 36. h3 Qd5+ 37. Kh2 Qd2+ 38. Kh1 Kg8 39. Rd7 Qe2
40. Rd8+ Kh7 41. Rd7 Qe4+ 42. Kh2 Qc2+ 43. Kh1 h4 44. Bd4 Qb1+ 45. Kg2 Qc2+ 46.
Kf3 Qb3+ 47. Ke4 hxg3 48. Nd3 Qd5+ 49. Rxd5 exd5+ 50. Kf3 Bxd4 51. Kxg3 a5 52.
Kg4 a4 53. f5 a3 54. Nb4 Bb2 55. Na2 Kg7 56. fxg6 Kxg6 57. Kf4 Kh5 58. Ke3 Kh4
59. Kd3 Kxh3 60. Nb4 Kg3 61. Kc2 d4 62. Na2 Kf4 63. Kd3 Ke5 64. Nb4 Kf4 65. Na2
Kf3 66. Nb4 Kf2 67. Na2 Ke1 68. Kc2 Ke2 69. Nb4 Bc3 70. Nd3 Ke3 71. Nc1 Bb2 0-1

[Event "BL 9394 HSK-Dortmund"]
[Site "?"]
[Date "1993.??.??"]
[Round "?.5"]
[White "Buecker, S."]
[Black "Michaelsen, N."]
[Result "0-1"]
[WhiteElo "2335"]
[BlackElo "2435"]
[PlyCount "62"]
[EventDate "1993.??.??"]

1. e4 d5 2. exd5 Qxd5 3. Nc3 Qa5 4. b4 Qxb4 5. Rb1 Qd6 6. Nf3 Nf6 7. Bc4 c6 8.
O-O e6 9. d4 Nbd7 10. Re1 Be7 11. Ne2 Nb6 12. Bd3 O-O 13. c4 Qd8 14. c5 Nbd5
15. Rb3 b6 16. Ne5 bxc5 17. dxc5 Bxc5 18. Qc2 Bd6 19. Nf4 Qc7 20. Nxd5 exd5 21.
Nxc6 Be6 22. Bg5 Ne4 23. Bxe4 dxe4 24. Rc3 Kh8 25. Qxe4 Rae8 26. Rce3 Bd7 27.
Qxe8 Bxe8 28. Rxe8 h6 29. Bf4 Qxc6 30. Rxf8+ Bxf8 31. Rc1 Qd7 0-1

[Event "BL 9394 HSK-Dortmund"]
[Site "?"]
[Date "1993.??.??"]
[Round "?.7"]
[White "Straeter, T."]
[Black "Reefschlaeger, H."]
[Result "1-0"]
[WhiteElo "2355"]
[BlackElo "2390"]
[PlyCount "125"]
[EventDate "1993.??.??"]

1. d4 d5 2. Nf3 Nc6 3. Bf4 Bg4 4. e3 e6 5. Be2 Bd6 6. Nbd2 Nf6 7. c3 O-O 8. Bg5
Re8 9. e4 Be7 10. e5 Nd7 11. Bf4 f6 12. exf6 Bxf6 13. h3 Bxf3 14. Nxf3 e5 15.
dxe5 Ndxe5 16. O-O Kh8 17. Qd2 Ng6 18. Be3 Qd6 19. Rad1 Rad8 20. Bb5 a6 21. Ba4
Rf8 22. Bb3 Nce7 23. Rfe1 c6 24. Bc2 c5 25. Ng5 Qc6 26. Qe2 Bxg5 27. Bxg5 Rd7
28. Qh5 Ng8 29. f4 Nf6 30. Bxf6 Qxf6 31. Re5 Rfd8 32. Rde1 Nf8 33. Rf5 g6 34.
Rxf6 gxh5 35. Rh6 Rf7 36. Rxh5 d4 37. cxd4 Rxd4 38. Re8 Kg7 39. Rg5+ Kf6 40.
Rf5+ Kg7 41. Rxf7+ Kxf7 42. Re4 Rd2 43. Rc4 Ne6 44. Bb3 Kf6 45. Rc2 Rxc2 46.
Bxc2 Nxf4 47. Bxh7 b5 48. Kf2 c4 49. h4 b4 50. g4 c3 51. bxc3 bxc3 52. Kf3 Nd5
53. a3 Nb6 54. Ke3 Nc4+ 55. Kd4 Nxa3 56. Kxc3 Nb5+ 57. Kc4 Nd6+ 58. Kd5 Nf7 59.
Ke4 Nh6 60. g5+ Kg7 61. Bf5 a5 62. Be6 a4 63. Kd4 1-0

[Event "BL 9394 HSK-Dortmund"]
[Site "?"]
[Date "1993.??.??"]
[Round "?.8"]
[White "Sievers, S."]
[Black "Gabler, B."]
[Result "1-0"]
[WhiteElo "2320"]
[BlackElo "2315"]
[PlyCount "59"]
[EventDate "1993.??.??"]

1. e4 c5 2. Nf3 Nc6 3. d4 cxd4 4. Nxd4 Nf6 5. Nc3 e5 6. Ndb5 d6 7. Bg5 a6 8.
Na3 b5 9. Bxf6 gxf6 10. Nd5 Bg7 11. c3 f5 12. exf5 Bxf5 13. Nc2 Be6 14. Nce3
Ne7 15. g3 Nxd5 16. Nxd5 O-O 17. Bg2 Rb8 18. O-O f5 19. Nb4 Rb6 20. a4 a5 21.
Nc6 Qc7 22. Bd5 Bf7 23. Nxa5 bxa4 24. Nc4 Rbb8 25. Rxa4 Rfd8 26. Ra6 Bf8 27.
Qd3 Kg7 28. Bxf7 e4 29. Qd4+ Kxf7 30. Ra7 1-0

[Event "BL 9394 Stadthagen-Solingen"]
[Site "?"]
[Date "1993.??.??"]
[Round "?.1"]
[White "Chandler, M."]
[Black "Khalifman, A."]
[Result "1/2-1/2"]
[WhiteElo "2565"]
[BlackElo "2645"]
[PlyCount "102"]
[EventDate "1993.??.??"]

1. e4 e5 2. Nf3 Nc6 3. d4 exd4 4. Nxd4 Bc5 5. Nxc6 Qf6 6. Qd2 dxc6 7. Nc3 Be6
8. Na4 Rd8 9. Bd3 Bd4 10. O-O b5 11. Nc3 Ne7 12. Kh1 Qh4 13. Ne2 Bb6 14. a4 a6
15. Qf4 Qxf4 16. Nxf4 Bc8 17. Be2 O-O 18. Nd3 f5 19. e5 Nd5 20. Bg5 Rde8 21.
Bh5 Re6 22. Rfe1 f4 23. axb5 axb5 24. Ra8 h6 25. Bxf4 Bxf2 26. Nxf2 Nxf4 27.
Bf3 Bd7 28. Ra7 Nxg2 29. Bxg2 Rxf2 30. Rxc7 Rd2 31. Bh3 Rxe5 32. Rxe5 Bxh3 33.
Re8+ Kh7 34. Re1 Bg2+ 35. Kg1 Bd5 36. Ree7 Rg2+ 37. Kf1 h5 38. h4 Kh6 39. Ke1
Rg4 40. Kd2 Rxh4 41. Rxg7 Rd4+ 42. Ke3 Re4+ 43. Kd3 h4 44. Rh7+ Kg5 45. Rh8 Kg4
46. Rg7+ Kf3 47. Rf8+ Rf4 48. Rxf4+ Kxf4 49. Ke2 h3 50. Rh7 Kg3 51. Rg7+ Kf4
1/2-1/2

[Event "BL 9394 Stadthagen-Solingen"]
[Site "?"]
[Date "1993.??.??"]
[Round "?.2"]
[White "Lobron, E."]
[Black "Norwood, D."]
[Result "0-1"]
[WhiteElo "2575"]
[BlackElo "2515"]
[PlyCount "156"]
[EventDate "1993.??.??"]

1. d4 g6 2. e4 d6 3. c4 Bg7 4. Ne2 Nd7 5. Bg5 h6 6. Be3 e5 7. Nbc3 Ne7 8. f3
O-O 9. Qd2 Kh7 10. d5 f5 11. O-O-O a6 12. Kb1 Nf6 13. Nc1 Bd7 14. Bd3 b5 15. c5
b4 16. N3e2 a5 17. h3 Ba4 18. Bc2 Bb5 19. c6 fxe4 20. fxe4 Nh5 21. Bd3 Bxd3+
22. Nxd3 g5 23. Rdf1 Ng6 24. g3 Qc8 25. Rxf8 Qxf8 26. Ne1 Qc8 27. g4 Nhf4 28.
Ng3 Qa6 29. Nf3 b3 30. a3 Rb8 31. Qd1 Qc4 32. Rh2 Nh4 33. Ne1 Qa4 34. Ba7 Rb4
35. Ka1 Rc4 36. Be3 Kh8 37. Rf2 Nhg6 38. Rf1 Rc3 39. Qd2 Rc4 40. Qd1 Qb5 41.
Rf2 Kg8 42. Nf3 Nd3 43. Rh2 Nb4 44. Kb1 Nc2 45. Bg1 Nf4 46. Nd2 Ra4 47. Nxb3
Qxb3 48. Qxc2 Qxg3 49. Bb6 Qe1+ 50. Ka2 Qxe4 51. b3 Qxd5 52. Bxc7 Nd3 53. Bxd6
Nb4+ 54. Bxb4 axb4 55. Kb1 Rxa3 56. c7 e4 57. c8=Q+ Kh7 58. Kc1 Ra1+ 59. Qb1
Rxb1+ 60. Kxb1 Qxb3+ 61. Kc1 Qe3+ 62. Kd1 Qf3+ 63. Kc2 b3+ 64. Kd2 e3+ 65. Ke1
b2 66. Qc2+ Kg8 67. Qc8+ Qf8 68. Qb7 Qc5 69. Qb3+ Kh7 70. Ke2 Qc3 71. Qxc3 Bxc3
72. Rh1 Bd2 73. Kd3 Kg6 74. Kc2 Kf6 75. Rf1+ Ke5 76. Kd3 Ke6 77. Rh1 Bc1 78.
Kc2 Ke5 0-1

[Event "BL 9394 Stadthagen-Solingen"]
[Site "?"]
[Date "1993.??.??"]
[Round "?.3"]
[White "Podzielny, KH."]
[Black "Sax, G."]
[Result "0-1"]
[WhiteElo "2470"]
[BlackElo "2515"]
[PlyCount "96"]
[EventDate "1993.??.??"]

1. Nf3 Nf6 2. c4 c5 3. g3 d5 4. cxd5 Nxd5 5. Nc3 Nc6 6. Bg2 Nc7 7. d3 e5 8. Be3
Bd7 9. a4 Be7 10. Nd2 O-O 11. Nc4 f6 12. O-O Kh8 13. Nb5 Be8 14. Rc1 Ne6 15.
Nc3 Bh5 16. Nd5 Rc8 17. h3 Ned4 18. g4 Bf7 19. Nc3 Qd7 20. f4 exf4 21. Bxf4 Nb4
22. Ne4 Bd5 23. Bh2 f5 24. gxf5 Rxf5 25. e3 Rxf1+ 26. Bxf1 Nf5 27. Qg4 Be6 28.
Ne5 Qxa4 29. Ng5 Bxg5 30. Qxg5 Qe8 31. Bg2 b6 32. Be4 Qe7 33. Qh5 Qe8 34. Qf3
Ne7 35. Rf1 Nbd5 36. Nc4 Rd8 37. Be5 Qg8 38. Qh5 Nc6 39. Rf3 Nf6 40. Bxf6 gxf6+
41. Kf2 Bxc4 42. Qf5 Bxd3 43. Rg3 Qf7 44. Bxd3 Ne7 45. Qe4 Ng6 46. Be2 Qe7 47.
Qc2 Qe5 48. Bd3 Nh4 0-1

[Event "BL 9394 Stadthagen-Solingen"]
[Site "?"]
[Date "1993.??.??"]
[Round "?.4"]
[White "Knaak, R."]
[Black "Zysk, R."]
[Result "1/2-1/2"]
[WhiteElo "2525"]
[BlackElo "2440"]
[PlyCount "134"]
[EventDate "1993.??.??"]

1. d4 f5 2. g3 Nf6 3. Bg2 g6 4. h4 Bg7 5. c3 d6 6. Nh3 c6 7. Nd2 Na6 8. Qb3 e5
9. Ng5 Qe7 10. Nc4 Rf8 11. Qa3 exd4 12. Bf4 d5 13. Qxe7+ Kxe7 14. Bd6+ Ke8 15.
Bxf8 Kxf8 16. Nd2 dxc3 17. bxc3 h6 18. Nh3 Nc5 19. Rb1 b5 20. Nf4 Kf7 21. Nd3
Nxd3+ 22. exd3 f4 23. Nb3 Bf5 24. Kd2 Ng4 25. Na5 Nxf2 26. Nxc6 Nxh1 27. Bxd5+
Kf6 28. Rxh1 fxg3 29. Rg1 h5 30. Rxg3 Re8 31. Nd4 Bg4 32. Rg1 Bh6+ 33. Kc2 Be3
34. Rf1+ Ke5 35. Nxb5 Rb8 36. Bc4 Bf5 37. Rf3 Bb6 38. Kd2 a6 39. Na3 Bd8 40.
Bxa6 Bxh4 41. Nc4+ Ke6 42. a4 Bg5+ 43. Kc2 h4 44. Rf2 h3 45. Bb5 Kd5 46. Na5
Be3 47. Re2 Bf4 48. Bc6+ Kd6 49. Bh1 Bd7 50. Re4 g5 51. Rd4+ Ke7 52. Nc6+ Bxc6
53. Bxc6 Be5 54. Rd7+ Ke6 55. Rh7 h2 56. a5 Kd6 57. Be4 Rc8 58. a6 Bxc3 59. Bb7
h1=Q 60. Rxh1 Rc7 61. Rh6+ Ke5 62. Kb3 Bd4 63. Bc6 g4 64. Be4 g3 65. Rh4 Rc3+
66. Kb4 Rxd3 67. Bxd3 g2 1/2-1/2

[Event "BL 9394 Stadthagen-Solingen"]
[Site "?"]
[Date "1993.??.??"]
[Round "?.5"]
[White "Reeh, O."]
[Black "Lau, R."]
[Result "1-0"]
[WhiteElo "2435"]
[BlackElo "2510"]
[PlyCount "73"]
[EventDate "1993.??.??"]

1. d4 d5 2. c4 e6 3. Nf3 c6 4. e3 Nd7 5. Nbd2 f5 6. Be2 Bd6 7. O-O Qf6 8. Rb1
Ne7 9. b4 O-O 10. b5 g5 11. g3 g4 12. Nh4 Rf7 13. bxc6 bxc6 14. Qa4 Bc7 15.
cxd5 cxd5 16. Ba3 Nb6 17. Qc2 Ng6 18. Nxg6 hxg6 19. Rfc1 Bb7 20. Qxc7 Rxc7 21.
Rxc7 Bc8 22. Be7 Qf7 23. Bb5 Bd7 24. Bd6 Rd8 25. Be5 Qe8 26. Ba6 Ra8 27. Bb7
Rb8 28. Ba6 Ra8 29. Nb3 Nc4 30. Bxc4 dxc4 31. Nc5 Rd8 32. Bf6 Rb8 33. Rxb8 Qxb8
34. Rb7 Qf8 35. Nxd7 Qa3 36. Ne5 Qf8 37. Rg7+ 1-0

[Event "BL 9394 Stadthagen-Solingen"]
[Site "?"]
[Date "1993.??.??"]
[Round "?.6"]
[White "Tischbierek, R."]
[Black "Schaefer, Ma"]
[Result "1-0"]
[WhiteElo "2480"]
[BlackElo "2455"]
[PlyCount "115"]
[EventDate "1993.??.??"]

1. e4 e6 2. d4 d5 3. Nc3 Bb4 4. e5 c5 5. a3 Bxc3+ 6. bxc3 Ne7 7. Nf3 Bd7 8. a4
Qa5 9. Bd2 Nbc6 10. Bb5 Qc7 11. O-O O-O 12. Re1 b6 13. Bg5 h6 14. Bf4 Ng6 15.
Be3 Nce7 16. dxc5 bxc5 17. Bxd7 Qxd7 18. Bxc5 Rfc8 19. Bd4 a5 20. Nd2 Nf5 21.
g3 Nge7 22. Ra2 Rab8 23. Nb3 Rc4 24. g4 Nxd4 25. cxd4 Nc6 26. Re3 Nb4 27. Rb2
Qxa4 28. Nc5 Qe8 29. c3 Nc6 30. Ra2 Qd8 31. Nb3 Qc7 32. Nd2 Nb4 33. Ra3 Rc6 34.
g5 g6 35. gxh6 Na6 36. Nf3 Rcb6 37. Ra1 Qe7 38. h4 Qf8 39. h7+ Kxh7 40. Ng5+
Kg8 41. Kg2 Nc7 42. Rf3 Qh6 43. Qd2 Rf8 44. Qf4 Rb5 45. h5 Ne8 46. Rh1 gxh5 47.
Rg3 Ng7 48. Nh3 Qh7 49. Qf6 Re8 50. Nf4 Kf8 51. Ng6+ Kg8 52. Nf4 Kf8 53. Kh2
Rb2 54. Rg2 h4 55. Rhg1 h3 56. Ng6+ Kg8 57. Ne7+ Kf8 58. Rxg7 1-0

[Event "BL 9394 Stadthagen-Solingen"]
[Site "?"]
[Date "1993.??.??"]
[Round "?.7"]
[White "Thesing, M."]
[Black "Keitlinghaus, L."]
[Result "1/2-1/2"]
[WhiteElo "2385"]
[BlackElo "2485"]
[PlyCount "31"]
[EventDate "1993.??.??"]

1. e4 e5 2. Nf3 Nf6 3. Nc3 Nc6 4. d4 exd4 5. Nxd4 Bb4 6. Nxc6 bxc6 7. Bd3 d5 8.
exd5 cxd5 9. O-O O-O 10. Bg5 c6 11. Qf3 Be7 12. Rae1 h6 13. Bxh6 gxh6 14. Qe3
d4 15. Qxh6 Qd6 16. Qg5+ 1/2-1/2

[Event "BL 9394 Stadthagen-Solingen"]
[Site "?"]
[Date "1993.??.??"]
[Round "?.8"]
[White "Heissler, J."]
[Black "Beckemeyer, W."]
[Result "1-0"]
[WhiteElo "2425"]
[BlackElo "2390"]
[PlyCount "81"]
[EventDate "1993.??.??"]

1. e4 e5 2. Nf3 Nc6 3. Bb5 a6 4. Ba4 Nf6 5. d3 b5 6. Bb3 Be7 7. Nbd2 O-O 8. c3
d5 9. Qe2 Re8 10. O-O Bf8 11. Re1 Bb7 12. Nf1 h6 13. Ng3 Na5 14. Bc2 c5 15. Bd2
Qc7 16. Rad1 Rad8 17. Bc1 Nc6 18. h3 g6 19. h4 Bc8 20. Nh2 dxe4 21. dxe4 h5 22.
Rxd8 Rxd8 23. a4 c4 24. axb5 axb5 25. Bg5 Be7 26. Rd1 Nh7 27. Bxe7 Qxe7 28. Rd5
Qxh4 29. Rxb5 Be6 30. Rb6 Rd6 31. Ba4 Nd4 32. Rb8+ Kg7 33. cxd4 exd4 34. e5 Ra6
35. b3 Qf4 36. Ngf1 d3 37. Qb2 Ng5 38. Bb5 c3 39. Qxc3 Ra2 40. Qc5 Kh7 41. Bxd3
1-0

[Event "BL 9394 Dortmund-Stadthagen"]
[Site "?"]
[Date "1993.??.??"]
[Round "?.1"]
[White "Khalifman, A."]
[Black "Beckhuis, G."]
[Result "1-0"]
[WhiteElo "2645"]
[BlackElo "2300"]
[PlyCount "91"]
[EventDate "1993.??.??"]

1. e4 e6 2. d4 d5 3. Nc3 Nf6 4. Bg5 dxe4 5. Nxe4 Be7 6. Bxf6 gxf6 7. Nf3 b6 8.
Bd3 Bb7 9. Qe2 c6 10. O-O-O Qc7 11. Kb1 Nd7 12. g3 O-O-O 13. Ba6 Nf8 14. Bxb7+
Kxb7 15. Rd3 f5 16. Ned2 Ng6 17. Nc4 Bf6 18. Rhd1 Rd5 19. Ne3 Rd7 20. c4 Rhd8
21. a3 c5 22. d5 Ne5 23. R3d2 Nxf3 24. Qxf3 Kb8 25. g4 Bd4 26. gxf5 e5 27. f6
Rg8 28. Nf5 Rg6 29. Ne7 Rxe7 30. fxe7 Qxe7 31. Qf5 h6 32. Re2 Rf6 33. Qh3 Kc7
34. Qh4 Kd8 35. Rg1 Rg6 36. Qxe7+ Kxe7 37. Rxg6 fxg6 38. Kc2 Kf6 39. Kd3 Kf5
40. f3 g5 41. b3 Ba1 42. d6 Ke6 43. Ke4 Kxd6 44. h4 gxh4 45. Rg2 Bc3 46. Rg6+
1-0

[Event "BL 9394 Dortmund-Stadthagen"]
[Site "?"]
[Date "1993.??.??"]
[Round "?.2"]
[White "Mainka, G."]
[Black "Lobron, E."]
[Result "0-1"]
[WhiteElo "2385"]
[BlackElo "2575"]
[PlyCount "48"]
[EventDate "1993.??.??"]

1. d4 Nf6 2. Nf3 d5 3. c4 e6 4. a3 c6 5. Nbd2 Nbd7 6. Qc2 Be7 7. e4 dxe4 8.
Nxe4 Nxe4 9. Qxe4 c5 10. dxc5 Nxc5 11. Qe3 a5 12. Bd2 O-O 13. Be2 b6 14. O-O a4
15. Rad1 Bb7 16. Bc3 Qc7 17. Nd4 Rad8 18. Nb5 Qc8 19. Be5 Ne4 20. Bd4 f5 21.
Bxb6 f4 22. Qc1 Qc6 23. Rxd8 Bxd8 24. Bf3 Qxb6 0-1

[Event "BL 9394 Dortmund-Stadthagen"]
[Site "?"]
[Date "1993.??.??"]
[Round "?.3"]
[White "Sax, G."]
[Black "Kalka, A."]
[Result "1-0"]
[WhiteElo "2515"]
[BlackElo "2345"]
[PlyCount "47"]
[EventDate "1993.??.??"]

1. e4 e5 2. Nf3 Nc6 3. Bb5 a6 4. Ba4 Nf6 5. O-O Be7 6. Qe2 b5 7. Bb3 d6 8. c3
Bg4 9. h3 Bh5 10. d3 O-O 11. Nbd2 Na5 12. Bc2 c5 13. Rd1 Nc6 14. Nf1 Qc7 15.
Ng3 Bg6 16. Nh4 Rfe8 17. Nhf5 Bf8 18. Qf3 Nd7 19. h4 Nb6 20. h5 Bxf5 21. Nxf5
Rad8 22. Bb3 Na5 23. Bg5 Rd7 24. Nh6+ 1-0

[Event "BL 9394 Dortmund-Stadthagen"]
[Site "?"]
[Date "1993.??.??"]
[Round "?.4"]
[White "Lingnau, C."]
[Black "Knaak, R."]
[Result "1/2-1/2"]
[WhiteElo "2395"]
[BlackElo "2525"]
[PlyCount "83"]
[EventDate "1993.??.??"]

1. d4 e6 2. c4 d5 3. Nf3 c6 4. e3 Nd7 5. Qc2 Ngf6 6. Nc3 Bd6 7. Be2 O-O 8. O-O
e5 9. cxd5 cxd5 10. dxe5 Nxe5 11. Rd1 Nxf3+ 12. Bxf3 Qc7 13. h3 Bh2+ 14. Kh1
Be5 15. Bd2 Be6 16. Be1 Rfd8 17. Qe2 a6 18. Na4 Rac8 19. Bc3 b5 20. Bxe5 Qxe5
21. Nc3 Rc4 22. a4 Rdc8 23. axb5 axb5 24. Nxb5 Rc2 25. Rd2 Qxb2 26. Rxc2 Qxa1+
27. Qd1 Qxd1+ 28. Bxd1 Rb8 29. Nc3 Kf8 30. Bf3 Rc8 31. Rc1 Ne4 32. Bxe4 dxe4
33. Kh2 g5 34. Kg3 Kg7 35. h4 f6 36. f3 exf3 37. gxf3 h5 38. Rc2 Rc4 39. hxg5
fxg5 40. Rc1 Kg6 41. Kf2 h4 42. Ne2 1/2-1/2

[Event "BL 9394 Dortmund-Stadthagen"]
[Site "?"]
[Date "1993.??.??"]
[Round "?.5"]
[White "Lau, R."]
[Black "Buecker, S."]
[Result "1-0"]
[WhiteElo "2510"]
[BlackElo "2335"]
[PlyCount "97"]
[EventDate "1993.??.??"]

1. e4 d5 2. exd5 Nf6 3. d4 Nxd5 4. Nf3 Bg4 5. Be2 e6 6. O-O Nc6 7. c4 Nb6 8.
Nc3 Be7 9. d5 exd5 10. cxd5 Nb4 11. Qd4 Bxf3 12. Bxf3 O-O 13. Qd1 Nc4 14. Re1
Re8 15. a3 Na6 16. Be2 Nd6 17. Qc2 Bf6 18. Be3 Nb8 19. Rac1 a6 20. Bd3 g6 21.
Na4 Re7 22. Red1 Qe8 23. Bf4 Nd7 24. Qxc7 Be5 25. Bg3 Nf6 26. Qa5 Rd8 27. Nb6
Ng4 28. Qb4 Bxg3 29. hxg3 Ne5 30. Bb1 Kg7 31. Bc2 f6 32. Ba4 Qf7 33. Rc3 g5 34.
Bc2 Qh5 35. f3 Qf7 36. a4 Rc7 37. Bb3 Rxc3 38. bxc3 Qg6 39. Qc5 Qf7 40. c4 Qe7
41. Qf2 Nf5 42. c5 Ng6 43. Re1 Qf7 44. g4 Nf4 45. gxf5 Nd3 46. Qe3 Nxe1 47.
Qxe1 Re8 48. Qc3 Qh5 49. d6 1-0

[Event "BL 9394 Dortmund-Stadthagen"]
[Site "?"]
[Date "1993.??.??"]
[Round "?.6"]
[White "Seger, R."]
[Black "Tischbierek, R."]
[Result "0-1"]
[WhiteElo "2355"]
[BlackElo "2480"]
[PlyCount "72"]
[EventDate "1993.??.??"]

1. e4 g6 2. d4 Bg7 3. Nf3 d6 4. Be2 Nf6 5. Nc3 O-O 6. O-O c6 7. Re1 Qc7 8. Bf4
Nh5 9. Be3 e5 10. Qd2 Nd7 11. Rad1 Re8 12. a4 Nhf6 13. dxe5 dxe5 14. h3 Bf8 15.
Bc4 Nb6 16. Bb3 Be6 17. Bg5 Nbd7 18. Bxe6 Rxe6 19. Qe2 a5 20. Nb1 Nc5 21. Bxf6
Rxf6 22. b3 Ne6 23. g3 Bc5 24. Kg2 Rb8 25. Rf1 Bd4 26. c4 Rd8 27. Nbd2 Nc5 28.
h4 h5 29. Rc1 Rfd6 30. Rc2 Qd7 31. Rb1 Qg4 32. Nxd4 Qxe2 33. Nxe2 Rxd2 34. Rxd2
Rxd2 35. Kf1 Nxe4 36. Rc1 Rb2 0-1

[Event "BL 9394 Dortmund-Stadthagen"]
[Site "?"]
[Date "1993.??.??"]
[Round "?.7"]
[White "Keitlinghaus, L."]
[Black "Straeter, T."]
[Result "1-0"]
[WhiteElo "2485"]
[BlackElo "2355"]
[PlyCount "79"]
[EventDate "1993.??.??"]

1. e4 e5 2. Nf3 Nc6 3. Nc3 d6 4. d4 Bg4 5. Bb5 exd4 6. Qxd4 a6 7. Bxc6+ bxc6 8.
Bf4 Ne7 9. Bg3 Ng6 10. h4 h5 11. Qa4 Qd7 12. Nd4 c5 13. Ndb5 c6 14. Na3 Be7 15.
Nc4 O-O 16. Nb6 Qb7 17. Nxa8 Qxb2 18. Kd2 Bf6 19. Qb3 Qxb3 20. axb3 Rxa8 21.
Ra4 Kh7 22. f3 Be6 23. Ne2 Ra7 24. Nf4 Nxf4 25. Bxf4 g6 26. Ke2 d5 27. e5 Bg7
28. Ra5 Bf8 29. Rha1 Bc8 30. Bc1 Re7 31. f4 f6 32. Bb2 d4 33. Rxc5 Bg4+ 34. Kf1
Rb7 35. Rxc6 fxe5 36. Rcxa6 Bc5 37. Rc6 Be7 38. fxe5 Bxh4 39. Bxd4 Rf7+ 40. Kg1
1-0

[Event "BL 9394 Dortmund-Stadthagen"]
[Site "?"]
[Date "1993.??.??"]
[Round "?.8"]
[White "Gabler, B."]
[Black "Heissler, J."]
[Result "0-1"]
[WhiteElo "2315"]
[BlackElo "2425"]
[PlyCount "78"]
[EventDate "1993.??.??"]

1. Nf3 Nf6 2. b3 g6 3. Bb2 Bg7 4. g3 O-O 5. Bg2 c5 6. O-O Nc6 7. c4 d6 8. h3
Bd7 9. Nc3 a6 10. d4 cxd4 11. Nxd4 Rb8 12. e3 Nxd4 13. exd4 b5 14. cxb5 axb5
15. d5 b4 16. Ne2 Qa5 17. Qd2 Rfc8 18. Bd4 Bb5 19. Rfc1 Ba6 20. g4 Bb7 21.
Rxc8+ Bxc8 22. g5 Nd7 23. Bxg7 Kxg7 24. Nd4 Bb7 25. Nc6 Bxc6 26. dxc6 Nc5 27.
Re1 Qc7 28. Qd4+ e5 29. Qd2 Ne6 30. h4 Nd4 31. Rc1 Rb5 32. Rc4 d5 33. Rxd4 exd4
34. Qxd4+ Kg8 35. Bxd5 Rb8 36. Bg2 Rd8 37. Qg4 Qe5 38. Be4 Rd4 39. f3 Rd2 0-1

[Event "BL 9394 Solingen-HSK"]
[Site "?"]
[Date "1993.??.??"]
[Round "?.3"]
[White "Ftacnik, L."]
[Black "Podzielny, KH."]
[Result "1-0"]
[WhiteElo "2535"]
[BlackElo "2470"]
[PlyCount "69"]
[EventDate "1993.??.??"]

1. d4 Nf6 2. Nf3 e6 3. c4 Bb4+ 4. Nbd2 c5 5. a3 Bxd2+ 6. Bxd2 b6 7. Bg5 Bb7 8.
e3 Qe7 9. Be2 d6 10. dxc5 bxc5 11. Qd2 Nc6 12. b4 O-O 13. b5 Nb8 14. O-O Nbd7
15. Rfd1 d5 16. a4 h6 17. Bh4 g5 18. Bg3 Ne4 19. Qb2 f5 20. Be5 f4 21. Bd3 d4
22. exd4 g4 23. Bxe4 Bxe4 24. Nd2 Bb7 25. dxc5 Nxc5 26. Nb3 Nxb3 27. Qxb3 Rf5
28. Bb2 g3 29. hxg3 fxg3 30. fxg3 Raf8 31. Qd3 Rf2 32. Rd2 Rxd2 33. Qxd2 e5 34.
Ba3 Rd8 35. Qxh6 1-0

[Event "BL 9394 Solingen-HSK"]
[Site "?"]
[Date "1993.??.??"]
[Round "?.4"]
[White "Zysk, R."]
[Black "Maus, So"]
[Result "1/2-1/2"]
[WhiteElo "2440"]
[BlackElo "2415"]
[PlyCount "76"]
[EventDate "1993.??.??"]

1. d4 Nf6 2. Nf3 c5 3. d5 d6 4. Nc3 g6 5. e4 Bg7 6. Be2 O-O 7. O-O Na6 8. h3
Nc7 9. a4 e6 10. dxe6 Nxe6 11. Bc4 Nh5 12. Nb5 Be5 13. Nxe5 dxe5 14. Bh6 Nef4
15. Qxd8 Rxd8 16. Nc7 Rb8 17. Rfd1 Be6 18. Nxe6 Nxe6 19. Bxe6 fxe6 20. Bg5 Rd4
21. f3 b6 22. c3 Rxd1+ 23. Rxd1 Rb7 24. g4 Nf4 25. Bf6 c4 26. Rd8+ Kf7 27. Bxe5
Nxh3+ 28. Kg2 Ng5 29. Rd4 Ke7 30. Rxc4 Nf7 31. Bg3 e5 32. Rc6 Kd7 33. Rf6 Ke7
34. Rc6 Kd7 35. Rf6 Ke7 36. Rc6 Kd7 37. Rf6 Ke7 38. Rc6 Kd7 1/2-1/2

[Event "BL 9394 Solingen-HSK"]
[Site "?"]
[Date "1993.??.??"]
[Round "?.5"]
[White "Michaelsen, N."]
[Black "Reeh, O."]
[Result "1/2-1/2"]
[WhiteElo "2435"]
[BlackElo "2435"]
[PlyCount "125"]
[EventDate "1993.??.??"]

1. d4 Nf6 2. c4 e6 3. Nc3 Bb4 4. Qc2 O-O 5. Bg5 h6 6. Bh4 c5 7. dxc5 Na6 8. e3
Nxc5 9. Nge2 b5 10. cxb5 Bb7 11. f3 g5 12. Bf2 Nfe4 13. a3 Nxf2 14. Kxf2 Bxc3
15. Nxc3 Rc8 16. Be2 d5 17. Rhd1 Qf6 18. Rac1 g4 19. Rd4 Ne4+ 20. Kg1 gxf3 21.
Bxf3 Nd6 22. Qe2 Nc4 23. Re1 Qe5 24. Qf2 f5 25. a4 Rc7 26. Bd1 Nd6 27. Qf4 Qxf4
28. exf4 Kf7 29. Bb3 Kf6 30. a5 Rfc8 31. Rb4 Rc5 32. a6 Ba8 33. b6 axb6 34.
Rxb6 R5c6 35. Rxc6 Rxc6 36. Nxd5+ exd5 37. Bxd5 Rxa6 38. Re6+ Kg7 39. Bxa8 Ra1+
40. Kf2 Nc4 41. b3 Rxa8 42. bxc4 Rc8 43. Re5 Rxc4 44. Rxf5 Kg6 45. g4 Rc2+ 46.
Kg3 Rc3+ 47. Kh4 Rc4 48. h3 Ra4 49. Kg3 Ra3+ 50. Kg2 Ra2+ 51. Kg1 Ra1+ 52. Kf2
Ra2+ 53. Ke1 Ra1+ 54. Kd2 Ra2+ 55. Kd1 Ra1+ 56. Kc2 Ra2+ 57. Kb3 Rf2 58. h4 h5
59. Rxh5 Rf3+ 60. Kc2 Rxf4 61. Rg5+ Kh6 62. Rg8 Kh7 63. Rg5 1/2-1/2

[Event "BL 9394 Solingen-HSK"]
[Site "?"]
[Date "1993.??.??"]
[Round "?.6"]
[White "Schaefer, Ma"]
[Black "Wegner, H."]
[Result "1-0"]
[WhiteElo "2455"]
[BlackElo "2390"]
[PlyCount "101"]
[EventDate "1993.??.??"]

1. e4 d5 2. Nc3 dxe4 3. Nxe4 Bf5 4. Qf3 Qd5 5. Nd6+ Qxd6 6. Qxf5 Nd7 7. c3 Ngf6
8. d4 g6 9. Qb5 Qb6 10. Nf3 Bg7 11. Qb3 O-O 12. Be2 c6 13. O-O Rfe8 14. Bc4 e6
15. Bf4 Nh5 16. Bd6 Bf8 17. Bxf8 Qxb3 18. axb3 Kxf8 19. b4 a6 20. Rfe1 Rad8 21.
Kf1 Nhf6 22. Ra5 h6 23. Re2 Nd5 24. g3 Re7 25. Ne1 Rde8 26. Nd3 Kg7 27. f4 h5
28. Kf2 Nc7 29. Ra1 Rh8 30. Kf3 Ree8 31. Rd2 Kf6 32. Bb3 Ke7 33. h3 Rd8 34. Re2
Rde8 35. Rd1 Rd8 36. Rf1 Kf6 37. Ra1 Ke7 38. Ra5 Kf6 39. Nf2 Nb5 40. Ra1 Nc7
41. Ne4+ Ke7 42. Rd1 Ra8 43. c4 Nf6 44. Nc5 b6 45. Nd3 Nd7 46. d5 cxd5 47. cxd5
Nf8 48. Ne5 Kf6 49. d6 Nb5 50. d7 Rd8 51. Rc2 1-0